Project management problems in the refurbishment of existing shopping centres (Record no. 113131)

MARC details
000 -LEADER
fixed length control field 00619cam a22001815a 4500
001 - CONTROL NUMBER
control field L154755
008 - FIXED-LENGTH DATA ELEMENTS--GENERAL INFORMATION
fixed length control field 120117s1989 xxk f 000 0 eng d
035 ## - SYSTEM CONTROL NUMBER
System control number (Sirsi) u154755
041 0# - LANGUAGE CODE
Language code of text/sound track or separate title eng
100 1# - MAIN ENTRY--PERSONAL NAME
Personal name Beckett, Alan Scott
245 00 - TITLE STATEMENT
Title Project management problems in the refurbishment of existing shopping centres
260 ## - PUBLICATION, DISTRIBUTION, ETC.
Place of publication, distribution, etc. [S.l.]
Name of publisher, distributor, etc. [the author]
Date of publication, distribution, etc. [1989?]
300 ## - PHYSICAL DESCRIPTION
Extent 58p.
Other physical details spiral bound
Dimensions 30cm.
520 ## - SUMMARY, ETC.
Summary, etc. A dissertation submitted to the College of Estate Management as part of an RICS Diploma in Project Management.
651 #4 - SUBJECT ADDED ENTRY--GEOGRAPHIC NAME
Geographic name United Kingdom
Chronological subdivision
690 ## - LOCAL SUBJECT ADDED ENTRY--TOPICAL TERM (OCLC, RLIN)
Topical term or geographic name as entry element Project management
9 (RLIN) 6261
942 ## - ADDED ENTRY ELEMENTS (KOHA)
Suppress in OPAC 0
Holdings
Withdrawn status Lost status Source of classification or shelving scheme Damaged status Not for loan Home library Current library Shelving location Date acquired Total Checkouts Full call number Barcode Date last seen Copy number Price effective from Koha item type
    Dewey Decimal Classification     London London Basement 17/01/2012   RESERVE 30077125 06/08/2019 1 06/08/2019 Book